000 00296nam a22001337a 4500
008 190223b xxu||||| |||| 00| 0 eng d
020 _a9780721692159
041 _aeng
080 _a610.73
100 _a1
101 _aINF
245 _aNursing Care Planning Guides
_cUlrich
942 _2udc
_cBK
999 _c54152
_d54152